Religion Quiz

Random Religion or Bible Quiz
Score 0/28 Timer 05:00
1 Play Today
% Correct
Cain
85%
Judas
82.8%
Isaac
82.1%
Mary
81.7%
Noah
81.4%
Samson
78.5%
Esau
77.6%
Naomi
77.1%
Elisabeth
76.8%
Nebuchadnezzar
76.3%
Aaron
76.2%
Herod
75.9%
Pilate
74.9%
Methuselah
74.2%
% Correct
Jezebel
72.6%
Jesse
70.1%
Sapphira
69.7%
Saul
68.2%
Luke
67.3%
Matthew
65.4%
Nicodemus
64.9%
Enoch
63%
Samuel
60.4%
Haman
59.1%
Philip
57.3%
Barnabas
55.5%
Caiaphas
51.5%
Agrippa
48.6%
Remove Ads.
Support Sporcle.
Get the best of Sporcle when you Go Orange. This ad-free experience offers more features, more stats, and more fun while also helping to support Sporcle. Thank you for becoming a member.

You're not logged in!

Compare scores with friends on all Sporcle quizzes.
OR
Log In

Show Comments

Extras

Top Quizzes Today


Score Distribution

Your Account Isn't Verified!

In order to create a playlist on Sporcle, you need to verify the email address you used during registration. Go to your Sporcle Settings to finish the process.

Report this User

Report this user for behavior that violates our Community Guidelines.

Details: